<?xml version="1.0" encoding="UTF-8"?>
<record
    xmlns:xsi="http://www.w3.org/2001/XMLSchema-instance"
    xsi:schemaLocation="http://www.loc.gov/MARC21/slim http://www.loc.gov/standards/marcxml/schema/MARC21slim.xsd"
    xmlns="http://www.loc.gov/MARC21/slim">

  <leader>00892nam a22002177a 4500</leader>
  <controlfield tag="005">20220816141043.0</controlfield>
  <controlfield tag="008">220816s2007    mx a|||f |||| 00| 0 spa d</controlfield>
  <datafield tag="040" ind1=" " ind2=" ">
    <subfield code="c">CHAP</subfield>
    <subfield code="e">rda</subfield>
  </datafield>
  <datafield tag="082" ind1=" " ind2=" ">
    <subfield code="a">634.980685</subfield>
    <subfield code="b">G94</subfield>
    <subfield code="2">22</subfield>
  </datafield>
  <datafield tag="245" ind1=" " ind2=" ">
    <subfield code="a">Gu&#xED;a para la comercializaci&#xF3;n de productos maderables de empresas forestales comunitarias /</subfield>
    <subfield code="c">direcci&#xF3;n Jos&#xE9; Luis Mota Villanueva; investigaci&#xF3;n y compilaci&#xF3;n Jes&#xFA;s Z&#xE1;rate Mancha.</subfield>
  </datafield>
  <datafield tag="300" ind1=" " ind2=" ">
    <subfield code="a">101 p&#xE1;ginas :</subfield>
    <subfield code="b">figuras, tablas.</subfield>
  </datafield>
  <datafield tag="336" ind1=" " ind2=" ">
    <subfield code="a">texto</subfield>
    <subfield code="b">txt</subfield>
    <subfield code="2">rdacontenido</subfield>
  </datafield>
  <datafield tag="337" ind1=" " ind2=" ">
    <subfield code="a">sinmedio</subfield>
    <subfield code="b">n</subfield>
    <subfield code="2">rdamedia</subfield>
  </datafield>
  <datafield tag="338" ind1=" " ind2=" ">
    <subfield code="a">volumen</subfield>
    <subfield code="b">nc</subfield>
    <subfield code="2">rdacarrier</subfield>
  </datafield>
  <datafield tag="650" ind1=" " ind2="0">
    <subfield code="9">185416</subfield>
    <subfield code="a">Aserraderos</subfield>
    <subfield code="x">Administraci&#xF3;n</subfield>
    <subfield code="v">Gu&#xED;as</subfield>
  </datafield>
  <datafield tag="650" ind1=" " ind2="7">
    <subfield code="9">69639</subfield>
    <subfield code="a">Madera aserrada</subfield>
    <subfield code="x">Mercadeo</subfield>
  </datafield>
  <datafield tag="650" ind1=" " ind2="7">
    <subfield code="9">69627</subfield>
    <subfield code="a">Madera</subfield>
    <subfield code="x">Subproductos</subfield>
  </datafield>
  <datafield tag="700" ind1="1" ind2=" ">
    <subfield code="9">79075</subfield>
    <subfield code="a">Mota Villanueva, Jos&#xE9; Luis</subfield>
    <subfield code="e">direcci&#xF3;n.</subfield>
  </datafield>
  <datafield tag="700" ind1="0" ind2=" ">
    <subfield code="9">124114</subfield>
    <subfield code="a">Z&#xE1;rate Mancha, Jes&#xFA;s</subfield>
    <subfield code="e">investigador y compilador.</subfield>
  </datafield>
  <datafield tag="942" ind1=" " ind2=" ">
    <subfield code="2">ddc</subfield>
    <subfield code="c">LIBRO</subfield>
  </datafield>
  <datafield tag="999" ind1=" " ind2=" ">
    <subfield code="c">217601</subfield>
    <subfield code="d">217601</subfield>
  </datafield>
  <datafield tag="952" ind1=" " ind2=" ">
    <subfield code="0">0</subfield>
    <subfield code="1">0</subfield>
    <subfield code="2">ddc</subfield>
    <subfield code="4">0</subfield>
    <subfield code="5">1</subfield>
    <subfield code="7">0</subfield>
    <subfield code="8">C</subfield>
    <subfield code="a">BC</subfield>
    <subfield code="b">BC</subfield>
    <subfield code="c">PA_CONSULTA</subfield>
    <subfield code="d">2022-08-16</subfield>
    <subfield code="l">0</subfield>
    <subfield code="o">634.980685 G94</subfield>
    <subfield code="p">33724002567355</subfield>
    <subfield code="r">2022-08-16 00:00:00</subfield>
    <subfield code="w">2022-08-16</subfield>
    <subfield code="y">LIBRO</subfield>
  </datafield>
</record>
